Cambridge idioms dictionary

Salvato in:
Dettagli Bibliografici
Natura: Libro
Lingua:inglese
Pubblicazione: Cambridge Cambridge University Press 2006
Edizione:2nd ed.
Soggetti:
Tags: Aggiungi Tag
Nessun Tag, puoi essere il primo ad aggiungerne!!

MARC

LEADER 00000nam a2200000 4500
001 0234859
005 20240315121657.8
020 |a 978-0-521-67769-1 
041 0 |a eng 
044 |a GB 
245 1 0 |a Cambridge idioms dictionary 
250 |a 2nd ed. 
264 1 |a Cambridge  |b Cambridge University Press  |c 2006 
300 |a xv, 505 s. 
610 2 0 |a angličtina 
610 2 0 |a frazeológia 
610 2 0 |a konverzácia 
610 2 0 |a zásoba slovná